Normal view
MARC view
- Dixon, Douglas,
Entry Nombre Personal
001 - NUMERO DE CONTROL
- campo de control: 35831
003 - IDENTIFICADOR DE NUMERO DE CONTROL
- campo de control: UPN
005 - FECHA Y HORA DE LA ÜLTIMA TRANSACCIÓN
- campo de control: 20210219194507.0
008 - DATOS DE LONGITUD FIJA
- campo de control de longitud fija: nabaccnnaabn|||||||||| b |nc|||||d
035 ## - NUMERO DE CONTROL
- Número de control: UPN11000007938
040 ## - FUENTE DE CATALOGACIÓN
- Lenguaje de catalogación: SPA
- Agencia de transcripción: UPN
100 1# - ENCABEZAMIENTO - NOMBRE PERSONAL
- Nombre personal: Dixon, Douglas,
- Fechas asociadas con el nombre: 1947-
670 ## - FUENTE EN LA QUE SE LOCALIZARON DATOS
- Cita de la fuente: T
- Información localizada: Wikipedia
680 ## - NOTA PUBLICA DE ACCESO PÚBLICO
- Frase explicativa de la referencia: Dixon estudió geología y paleontología en la Universidad de St. Andrews y es mejor conocido por sus obras ilustradas de ficción especulativa , que en gran parte se refieren a "zoologies del futuro": sus propias visiones de cómo los humanos seres y animales podrían evolucionar en millones de años
902 ## - CATALOGADOR
- Catalogador: MCM/220914
